UBT Library

ORGANIZIMI I NDËRTIMIT TË FUSHËS SPORTIVE NË FSHATIN BOLEVC TË KOMUNËS SË KAMENICËS (Record no. 45291)

000 -LEADER
fixed length control field 00331nam a22001217a 4500
008 - FIXED-LENGTH DATA ELEMENTS--GENERAL INFORMATION
fixed length control field 180418b xxu||||| |||| 00| 0 eng d
041 ## - LANGUAGE CODE
Language code of text/sound track or separate title eng
080 ## - UNIVERSAL DECIMAL CLASSIFICATION NUMBER
Universal Decimal Classification number 10702
100 ## - Rafti
Rafti 0
101 ## - Shkurtesa
Shkurtesa BTH
245 ## - TITLE STATEMENT
Title ORGANIZIMI I NDËRTIMIT TË FUSHËS SPORTIVE NË FSHATIN BOLEVC TË KOMUNËS SË KAMENICËS
Statement of responsibility, etc Thaqi, Sh
942 ## - ADDED ENTRY ELEMENTS (KOHA)
Source of classification or shelving scheme
Item type Books

No items available.

UBT Library © 2015-2024. All rights reserved University Education for Business and Technology